000 00783nam a2200241 i 4500
001 106845
003 ES-MaACL
005 20230929062532.0
007 t|
008 070104s1938 sp ||||1| spa d
080 _a811.134.2'36
110 2 _aReal Academia Española
_96336
245 1 0 _aEpítome de gramática de la lengua española para la primera enseñanza.
250 _a62ª ed.
260 _aZaragoza :
_bHeraldo de Aragón,
_c1938.
300 _a126 p. ;
_c18 cm.
500 _aBiblioteca Jacinto Martínez Lacalle.
500 _aPrecede al tit.: Instituto de España, Real Academia Española.
650 4 _aLengua española-
_xGramática.
_914161
710 1 _aInstituto de España.
_94873
852 _aES-MaACL
_jE-11485
_bR.139526
999 _c106845
_d106845